Thiết kế kết cấu thép : Theo quy phạm Hoa Kỳ AISC 360-10
Đại cương về thiết kế kết cấu thép theo Quy phạm AISC 360-10 cùng các phương pháp và cơ sở thiết kế. Các thiết kế cấu kiện chịu kéo, chịu nén, chịu uốn, chịu cắt, chịu lực kết hợp cùng một số bảng biểu AISC 360-10...
Shranjeno v:
| Glavni avtor: | |
|---|---|
| Drugi avtorji: | |
| Format: | Knjiga |
| Jezik: | Undetermined |
| Izdano: |
H.
Xây dựng
2017
|
| Teme: | |
| Online dostop: | http://lrc.tdmu.edu.vn/opac/search/detail.asp?aID=2&ID=32132 |
| Oznake: |
Označite
Brez oznak, prvi označite!
|
| Thư viện lưu trữ: | Trung tâm Học liệu Trường Đại học Thủ Dầu Một |
|---|
| LEADER | 01109nam a2200217Ia 4500 | ||
|---|---|---|---|
| 001 | TDMU_32132 | ||
| 008 | 210410s9999 xx 000 0 und d | ||
| 082 | |a 303.32 | ||
| 090 | |b Đ406 | ||
| 100 | |a Đoàn, Định Kiến | ||
| 245 | 0 | |a Thiết kế kết cấu thép : Theo quy phạm Hoa Kỳ AISC 360-10 | |
| 245 | 0 | |c Đoàn Định Kiến (ch.b.), Hoàng Kim Vũ, Nguyễn Song Hà | |
| 260 | |a H. | ||
| 260 | |b Xây dựng | ||
| 260 | |c 2017 | ||
| 300 | |a 269tr. | ||
| 520 | |a Đại cương về thiết kế kết cấu thép theo Quy phạm AISC 360-10 cùng các phương pháp và cơ sở thiết kế. Các thiết kế cấu kiện chịu kéo, chịu nén, chịu uốn, chịu cắt, chịu lực kết hợp cùng một số bảng biểu AISC 360-10 | ||
| 650 | |a Kết cấu thép |x Thiết kế |x Qui phạm kĩ thuật | ||
| 700 | |a Hoàng, Kim Vũ | ||
| 856 | |u http://lrc.tdmu.edu.vn/opac/search/detail.asp?aID=2&ID=32132 | ||
| 980 | |a Trung tâm Học liệu Trường Đại học Thủ Dầu Một | ||